[Event "Challenge"]
[Site "http://www.queenalice.com/game.php?id=615850"]
[Date "2009.7.9"]
[Round "-"]
[White "jmmarca"]
[Black "Simono"]
[Result "0-1"]
[WhiteElo "1280"]
[BlackElo "1500"]

1. e3 e5 2. Qf3 d5 3. Nc3 Be6 4. Bb5+ c6 5. Ba4 Ne7 6. Qg3 e4 7. Nh3 Nf5 8. Qg5
Be7 9. Qh5 g6 10. Qe2 Nh4 11. Nf4 Qd7 12. b4 b5 13. Bb3 Bxb4 14. Nxe6 Qxe6 15.
Bb2 O-O 16. O-O-O Nxg2 17. h4 Be7 18. Nb1 Nxh4 19. Rxh4 Bxh4 20. Rh1 Bf6 21. Qf1
Bxb2+ 22. Kxb2 a6 23. Qh3 Qf6+ 24. c3 h5 25. f4 exf3 26. Rf1 Qh8 27. Qxf3 a5 28.
a4 b4 0-1

[Event "Let's Play Chess!"]
[Site "http://www.queenalice.com/game.php?id=622590"]
[Date "2009.7.21"]
[Round "-"]
[White "Simono"]
[Black "cJw314"]
[Result "0-1"]
[WhiteElo "1590"]
[BlackElo "1588"]

1. e4 c5 2. Nf3 e6 3. d4 d5 4. Nc3 Ne7 5. e5 cxd4 6. Nxd4 Nbc6 7. f4 Nxd4 8.
Qxd4 Nc6 9. Qa4 Bd7 10. Qb3 Nd4 11. Qxb7 Nxc2+ 12. Kd2 Nxa1 13. Bb5 Bxb5 14.
Qxb5+ Ke7 15. b3 Qb6 16. Qa4 Qf2+ 17. Ne2 Qxg2 18. Rg1 Qxh2 19. Ba3+ Kd8 20.
Qa5+ Ke8 21. Rxa1 Bxa3 22. Qxa3 f6 23. Rf1 Rd8 24. Qxa7 Qg2 25. Rc1 fxe5 26.
fxe5 Qg5+ 27. Qe3 Qxe3+ 28. Kxe3 d4+ 0-1

[Event "Anchovy"]
[Site "http://www.queenalice.com/game.php?id=628246"]
[Date "2009.8.1"]
[Round "-"]
[White "Simono"]
[Black "Kirim"]
[Result "0-1"]
[WhiteElo "1588"]
[BlackElo "1527"]

1. e4 e5 2. Nf3 Nc6 3. Nc3 Nf6 4. d4 d6 5. d5 Ne7 6. Bb5+ Bd7 7. Qd3 c6 8. Bc4
b5 9. Nxb5 cxb5 10. Bxb5 Rb8 11. Bxd7+ Qxd7 12. O-O Ng6 13. g3 Be7 14. Be3 O-O
15. Bg5 h6 16. Bh4 Nxh4 17. Nxh4 Qh3 18. f3 Rxb2 19. Rf2 Nh5 20. Qa3 Rfb8 21.
Qd3 Rb1+ 22. Rf1 Qxf1+ 23. Qxf1 Rxf1+ 24. Kxf1 Rb2 25. Kg2 Rxc2+ 26. Kh3 Bxh4
27. Kxh4 Rxh2+ 28. Kg4 g6 29. Rf1 f5+ 30. exf5 gxf5+ 31. Kxf5 Nxg3+ 0-1

[Event "Challenge"]
[Site "http://www.queenalice.com/game.php?id=629143"]
[Date "2009.8.2"]
[Round "-"]
[White "Ninho"]
[Black "Simono"]
[Result "1-0"]
[WhiteElo "1720"]
[BlackElo "1511"]

1. d4 d5 2. Nf3 c6 3. e3 Nf6 4. Be2 b6 5. O-O c5 6. c4 e6 7. Nc3 Bd6 8. Qc2 O-O
9. Nb5 a6 10. Nxd6 Qxd6 11. b3 a5 12. Ba3 Qc6 13. Ne5 Qc7 14. f4 Nbd7 15. Nxd7
Bxd7 16. Rac1 a4 17. b4 Rfc8 18. bxc5 bxc5 19. Bxc5 Ne4 20. Bb4 Nd6 21. Bxd6
Qxd6 22. c5 Qc7 23. a3 Rab8 24. Ba6 Rd8 25. Rb1 Qc6 26. Rxb8 Rxb8 27. Bd3 g6 28.
Rb1 Rc8 29. Rb6 Qc7 30. Qb2 Kg7 31. g3 Rb8 32. Rxb8 e5 33. Qb6 Qc6 34. fxe5 f6
35. Qxc6 Bxc6 36. e6 f5 37. Rc8 1-0

[Event "Edinbugh Festival"]
[Site "http://www.queenalice.com/game.php?id=636667"]
[Date "2009.8.15"]
[Round "-"]
[White "aureliano"]
[Black "Simono"]
[Result "0-1"]
[WhiteElo "1503"]
[BlackElo "1449"]

1. e4 c6 2. Nc3 d5 3. d3 d4 4. Nce2 c5 5. Ng3 Nf6 6. Nf3 Bg4 7. h3 Bh5 8. Nf5 e6
9. Ng3 Nc6 10. Ne2 e5 11. Ng3 Be7 12. Be2 O-O 13. Nh4 Bxe2 14. Qxe2 Qa5+ 15. Bd2
Qa6 16. Nhf5 g6 17. Nh6+ Kg7 18. Qf3 Nb4 19. Ngf5+ gxf5 20. Qg3+ Kh8 21. exf5
Nxc2+ 22. Ke2 Nxa1 23. Rxa1 c4 24. Qxe5 Rad8 25. Qxe7 Rde8 26. Qxe8 Rxe8+ 27.
Kf1 Kg7 28. Rc1 c3 29. bxc3 Qxd3+ 30. Kg1 Qxd2 31. Rb1 b6 32. Ng4 Re1+ 33. Rxe1
Qxe1+ 34. Kh2 Qxc3 35. a4 d3 36. Ne3 Ne4 37. g4 Nxf2 0-1

[Event "Furfooz"]
[Site "http://www.queenalice.com/game.php?id=637914"]
[Date "2009.8.17"]
[Round "-"]
[White "cJw314"]
[Black "Simono"]
[Result "1-0"]
[WhiteElo "1660"]
[BlackElo "1484"]

1. e4 c6 2. d4 d5 3. exd5 cxd5 4. Bd3 Nc6 5. c3 e5 6. dxe5 Nxe5 7. Qe2 Bd6 8.
Nf3 f6 9. Nxe5 Bxe5 10. Nd2 Ne7 11. Bb5+ Bd7 12. Bxd7+ Qxd7 13. Nf3 O-O 14. Nxe5
fxe5 15. Qxe5 Ng6 16. Qd4 Rae8+ 17. Be3 Qb5 18. O-O-O b6 19. Rhe1 Ne5 20. Qxd5+
Qxd5 21. Rxd5 Nc4 22. Rd3 a5 23. b3 Na3 24. c4 h6 25. Kb2 b5 26. Kxa3 Re5 27.
Rd5 1-0

[Event "Ixelles"]
[Site "http://www.queenalice.com/game.php?id=644098"]
[Date "2009.8.29"]
[Round "-"]
[White "Simono"]
[Black "julio_falk"]
[Result "1-0"]
[WhiteElo "1494"]
[BlackElo "1419"]

1. e4 Nf6 2. e5 Ne4 3. Qe2 Ng5 4. Nf3 Nxf3+ 5. Qxf3 Nc6 6. Qe4 e6 7. d4 d5 8.
exd6 Qxd6 9. c3 f5 10. Qe3 f4 11. Qxf4 Qxf4 12. Bxf4 Be7 13. Bxc7 O-O 14. f4 Bd8
15. Bd6 Be7 16. Be5 b6 17. Bb5 Na5 18. O-O a6 19. Be2 Bd7 20. Nd2 Rf5 21. Bg4
Rf7 22. Bf3 Bb5 23. Bxa8 Bxf1 24. Kxf1 g5 25. b4 Rf8 26. Bf3 gxf4 27. bxa5 bxa5
28. Rb1 a4 29. Rb6 a5 30. Rxe6 Kf7 31. Bd5 Rd8 32. Rf6+ Kg7 33. Rf7+ Kh6 34.
Bxf4+ Bg5 35. Bxg5+ Kxg5 36. c4 Rb8 37. c5 Rb2 38. Ne4+ 1-0

[Event "Jokohama"]
[Site "http://www.queenalice.com/game.php?id=644497"]
[Date "2009.8.30"]
[Round "-"]
[White "Simono"]
[Black "Kuarwaki"]
[Result "0-1"]
[WhiteElo "1456"]
[BlackElo "1789"]

1. e4 e5 2. Nf3 Nc6 3. d4 exd4 4. c3 dxc3 5. Nxc3 Bc5 6. Qe2 Nf6 7. Bg5 O-O 8.
e5 h6 9. exf6 hxg5 10. Nxg5 Re8 11. Nge4 d5 12. O-O-O Bd4 13. Qh5 dxe4 14. f3
Qxf6 15. fxe4 Bxc3 16. Bd3 Ne5 17. bxc3 Bg4 18. Rhf1 Nxd3+ 19. Rxd3 Qxf1+ 20.
Kb2 Bxh5 21. g3 Qe2+ 22. Kb3 Qxd3 0-1

[Event "Kraainem"]
[Site "http://www.queenalice.com/game.php?id=649217"]
[Date "2009.9.8"]
[Round "-"]
[White "Nascimento"]
[Black "Simono"]
[Result "0-1"]
[WhiteElo "1431"]
[BlackElo "1578"]

1. e4 c5 2. d4 cxd4 3. Qxd4 Nc6 4. Qd1 Nf6 5. Nc3 e6 6. Bg5 Be7 7. Bb5 O-O 8.
Nf3 h6 9. Bh4 Bc5 10. e5 Ng4 11. Bxc6 Nxf2 12. Bxf2 Bxf2+ 13. Kxf2 bxc6 14. Re1
Rb8 15. b3 Qb6+ 16. Kf1 Ba6+ 17. Ne2 Rbd8 18. Nd4 c5 19. c4 cxd4 20. Qxd4 Qb8
21. Ng3 f6 22. Re3 fxe5+ 23. Nf5 exd4 24. Rf3 Rxf5 0-1

[Event "Liverpool"]
[Site "http://www.queenalice.com/game.php?id=649221"]
[Date "2009.9.8"]
[Round "-"]
[White "Simono"]
[Black "hugo10"]
[Result "1-0"]
[WhiteElo "1524"]
[BlackElo "1448"]

1. e4 e5 2. Nf3 Nc6 3. Nc3 d6 4. d4 Bg4 5. Be2 Bxf3 6. Bxf3 Nxd4 7. Be3 h6 8.
O-O c5 9. Qd3 a6 10. Nd5 Rb8 11. Bh5 Qh4 12. Bf3 Nf6 13. g3 c4 14. Qxc4 Rc8 15.
Qxc8# 1-0

[Event "Challenge"]
[Site "http://www.queenalice.com/game.php?id=649378"]
[Date "2009.9.8"]
[Round "-"]
[White "patrick"]
[Black "Simono"]
[Result "0-1"]
[WhiteElo "1501"]
[BlackElo "1551"]

1. e4 e6 2. Nf3 Nf6 3. c4 Nxe4 4. d3 Nf6 5. Ne5 Qe7 6. Qf3 d6 7. Ng4 Nc6 8. h3
e5 9. Nc3 Nd4 10. Qe3 Nc2+ 11. Kd1 Nxa1 12. Nd5 Nxd5 13. Qf3 Nb4 14. Ne3 Nxa2
15. Nd5 Qd7 16. g4 c6 17. Nc3 Nb4 18. h4 d5 19. g5 dxc4 20. Ne4 cxd3 21. h5 Qe7
22. Nf6+ gxf6 23. gxf6 Qc5 24. Bxd3 Be6 25. h6 Rd8 26. Bd2 Nxd3 27. Rg1 Nxb2+
28. Ke2 Qc4+ 29. Ke1 Nc2# 0-1

[Event "Nivelles"]
[Site "http://www.queenalice.com/game.php?id=655954"]
[Date "2009.9.21"]
[Round "-"]
[White "Simono"]
[Black "mp3"]
[Result "1-0"]
[WhiteElo "1596"]
[BlackElo "1517"]

1. e4 e5 2. Nf3 d6 3. Nc3 Nf6 4. d4 exd4 5. Nxd4 c5 6. Nf5 Bxf5 7. exf5 Qe7+ 8.
Be2 Qe5 9. Qd3 Nbd7 10. Nb5 a6 11. Nc7+ Ke7 12. Nxa8 b5 13. Nc7 c4 14. Qf3 Nb8
15. Qa8 Nbd7 16. Qxa6 g6 17. Nxb5 Qxf5 18. c3 d5 19. Be3 h5 20. Bc5+ Ke8 21.
Qa8+ 1-0

[Event "welschren"]
[Site "http://www.queenalice.com/game.php?id=658188"]
[Date "2009.9.26"]
[Round "-"]
[White "Simono"]
[Black "welschren"]
[Result "1-0"]
[WhiteElo "1617"]
[BlackElo "1468"]

1. d4 d5 2. e3 Nc6 3. f4 f5 4. Bd3 Nf6 5. Nf3 e6 6. Nc3 Bd7 7. O-O Ne4 8. Bd2
Be7 9. Bxe4 dxe4 10. Ng5 O-O 11. Qe2 Bxg5 12. fxg5 Qxg5 13. d5 Nb4 14. Rfc1 exd5
15. a3 Nc6 16. Nxd5 Rac8 17. Rf1 Be6 18. Nf4 Rce8 19. Bc3 Nd8 20. Bb4 Rf7 21.
Qb5 c6 22. Qe5 Qf6 23. Bc3 Qxe5 24. Bxe5 Rd7 25. Rad1 Rxd1 26. Rxd1 Nf7 27. Bc3
g6 28. b3 g5 29. Nh5 Kf8 30. Ng7 Re7 31. Bf6 Kg8 32. Bxe7 Kxg7 33. h3 Ne5 34.
Bxg5 h6 35. Bh4 Ng6 36. Bg3 Kf6 37. Bf4 h5 38. b4 Nxf4 39. exf4 a6 40. Kf1 Bc4+
41. Kf2 Bd5 42. h4 b5 43. Rh1 Bc4 44. Rh3 Bd5 45. Rg3 Bc4 46. Ke3 Bd5 47. Kd4
Ba2 48. Rg5 Bb1 49. c3 Bd3 50. Rxh5 Kg6 51. Rh8 Bc4 52. h5+ Kg7 53. Rc8 Bd5 54.
Ra8 Kh6 55. Rxa6 Kxh5 56. a4 bxa4 57. Rxa4 Kg4 58. c4 Be6 59. Ra3 Kxf4 60. g3+
Kg4 61. c5 Bd5 62. Ke5 Kg5 63. Ra1 e3 64. b5 e2 65. b6 1-0

[Event "Stalybridge"]
[Site "http://www.queenalice.com/game.php?id=661411"]
[Date "2009.10.2"]
[Round "-"]
[White "Simono"]
[Black "spawnwolfwolverine"]
[Result "1-0"]
[WhiteElo "1654"]
[BlackElo "1584"]

1. d4 d5 2. c4 dxc4 3. Nf3 c6 4. e4 b5 5. Bd2 e6 6. e5 Be7 7. b3 cxb3 8. axb3 f6
9. Nc3 a5 10. Bd3 fxe5 11. Nxe5 b4 12. Ne2 c5 13. Rc1 cxd4 14. Rc4 Ba6 15. Rxd4
Qc7 16. Nc4 Bxc4 17. Bxc4 Nc6 18. Rg4 g6 19. Bxe6 Nf6 20. Rf4 Rf8 21. Rc4 Qd6
22. Bh3 Ne5 23. Rd4 Qb6 24. Be3 Bc5 25. Rd2 Bxe3 26. Rd6 Bxf2+ 27. Kf1 Qe3 28.
Re6+ Kf7 29. Qd6 Rae8 30. Rxf6+ Kg8 31. Qa6 Rxf6 32. Qxf6 Rf8 33. Be6+ Nf7 34.
g3 Bxg3 35. hxg3 a4 36. bxa4 b3 37. a5 g5 38. g4 Qe4 39. Bxb3 Qb7 40. Rh3 Qxb3
41. Rxb3 Nd6 42. Qf2 Rxf2+ 43. Kxf2 h6 44. a6 Ne4+ 45. Ke3 Nc5 46. Rb8+ Kg7 47.
a7 h5 48. a8=Q Nd7 49. Rb7 hxg4 50. Rxd7+ Kg6 51. Qa5 g3 52. Nxg3 g4 53. Rd6+
Kf7 54. Qa7+ Ke8 55. Rb6 Kd8 56. Rb8# 1-0

[Event "Tunbridge Wells"]
[Site "http://www.queenalice.com/game.php?id=662461"]
[Date "2009.10.4"]
[Round "-"]
[White "spawnwolfwolverine"]
[Black "Simono"]
[Result "0-1"]
[WhiteElo "1587"]
[BlackElo "1633"]

1. c4 e5 2. d3 Bb4+ 3. Nc3 Nf6 4. e4 d6 5. Bg5 Qd7 6. Nf3 O-O 7. Be2 Qg4 8. Bxf6
gxf6 9. a3 Bxc3+ 10. bxc3 Qh5 11. O-O f5 12. exf5 Qxf5 13. h3 Qf4 14. a4 b6 15.
Qd2 Nd7 16. Qxf4 exf4 17. Rfe1 Nc5 18. d4 Ne4 19. Ra3 Be6 20. d5 Bd7 21. Nd4 c5
22. Nc6 Bxc6 23. dxc6 Ng5 24. Bf3 Nxf3+ 25. gxf3 Rac8 26. Re7 Ra8 27. c7 Rfe8
28. Rxe8+ Rxe8 29. a5 bxa5 30. Rxa5 Ra8 31. Ra6 Kf8 32. Rxd6 Ke7 33. Rc6 Kd7 34.
Rxc5 a5 35. Rf5 Kxc7 36. Rxf7+ Kb6 37. Rxh7 a4 38. Rh5 Ra5 39. Rh6+ Kc5 40. Rh5+
Kb6 41. Rxa5 Kxa5 42. h4 a3 43. h5 a2 44. h6 a1=Q+ 45. Kg2 Qxc3 46. h7 Qh8 47.
c5 Kb5 48. Kh3 Kxc5 49. Kg4 Kd4 50. Kxf4 Kd3 51. Kg5 Qxh7 52. f4 Ke2 53. f5 Qf7
54. f4 Kf3 55. f6 Ke4 56. f5 Ke5 57. Kg4 Kxf6 58. Kf4 Qe7 59. Kg4 Qe4+ 60. Kg3
Kxf5 61. Kf2 Qd3 62. Kg2 Qe3 63. Kh2 Qg5 64. Kh1 Kf4 65. Kh2 Kf3 66. Kh1 Kf2 67.
Kh2 Qg2# 0-1

[Event "Bluefish"]
[Site "http://www.queenalice.com/game.php?id=675516"]
[Date "2009.10.31"]
[Round "-"]
[White "Simono"]
[Black "rito"]
[Result "1-0"]
[WhiteElo "1672"]
[BlackElo "1538"]

1. d4 d5 2. c4 e6 3. Nc3 Bb4 4. e3 Bxc3+ 5. bxc3 a5 6. Bd3 b6 7. Nf3 h5 8. Ba3
Nf6 9. Ne5 h4 10. h3 a4 11. O-O Nfd7 12. Qg4 Qf6 13. f4 Na6 14. cxd5 exd5 15.
Bb5 Qe6 16. Qxg7 Rf8 17. Qxf8# 1-0

[Event "Cheetah"]
[Site "http://www.queenalice.com/game.php?id=683272"]
[Date "2009.11.14"]
[Round "-"]
[White "talisman77"]
[Black "Simono"]
[Result "1-0"]
[WhiteElo "1786"]
[BlackElo "1711"]

1. d4 f5 2. c4 g6 3. Nc3 Nf6 4. Nf3 Bg7 5. e3 O-O 6. Be2 d6 7. O-O Nc6 8. a3 e6
9. d5 exd5 10. Nxd5 Ne5 11. Ng5 c6 12. Nf4 Ne4 13. Nge6 Qh4 14. Nxf8 Kxf8 15. f3
Nc5 16. Qxd6+ Qe7 17. Qd1 b6 18. Qc2 Be6 19. b4 Ncd7 20. Nxe6+ Qxe6 21. Rb1 c5
22. e4 Nf6 23. Bf4 h5 24. exf5 gxf5 25. bxc5 Rb8 26. c6 Nxc6 27. Bxb8 1-0

[Event "Dolphin"]
[Site "http://www.queenalice.com/game.php?id=684410"]
[Date "2009.11.16"]
[Round "-"]
[White "Simono"]
[Black "raymundo"]
[Result "1-0"]
[WhiteElo "1686"]
[BlackElo "1787"]

1. d4 c5 2. d5 d6 3. c4 Nf6 4. b3 g6 5. Nc3 Bg7 6. Bb2 O-O 7. Nf3 Bg4 8. Qd3 Qd7
9. e4 e6 10. Be2 exd5 11. cxd5 Na6 12. a3 b5 13. Nxb5 Rfe8 14. e5 Nh5 15. Rb1
dxe5 16. Nc3 Nc7 17. O-O e4 18. Qc4 exf3 19. Bxf3 Bxf3 20. gxf3 Qh3 21. Qxc5 Nf4
22. Qxc7 Qxh2+ 23. Kxh2 1-0

[Event "Let's Play Chess!"]
[Site "http://www.queenalice.com/game.php?id=694625"]
[Date "2009.12.8"]
[Round "-"]
[White "jpfaro"]
[Black "Simono"]
[Result "0-1"]
[WhiteElo "1797"]
[BlackElo "1696"]

1. e4 c5 2. Bc4 d6 3. Qf3 Nf6 4. b3 Nc6 5. Ne2 e5 6. Nec3 Bg4 7. Qg3 g6 8. Nd5
h5 9. Qe3 Bh6 10. f4 Nd4 11. Na3 O-O 12. Qf2 Nxe4 13. Qf1 Qh4+ 14. g3 Nxg3 15.
Qf2 Nf3+ 16. Kd1 exf4 17. Bb2 Ne5+ 18. Be2 Bxe2+ 19. Kc1 Bg5 20. Rg1 f3 21. hxg3
Qe4 22. c4 a6 23. Bc3 Nd3+ 24. Kc2 Nxf2+ 25. Kc1 Qd3 26. Nf6+ Kg7 27. Nxh5+ Kh6
28. g4 gxh5 0-1

[Event "Kookaburra"]
[Site "http://www.queenalice.com/game.php?id=707988"]
[Date "2010.1.4"]
[Round "-"]
[White "Simono"]
[Black "charles31"]
[Result "0-1"]
[WhiteElo "1718"]
[BlackElo "1831"]

1. d4 d5 2. c4 dxc4 3. e4 c5 4. d5 e5 5. Bxc4 h6 6. Nf3 Bd6 7. O-O a6 8. b3 Nf6
9. Nc3 b5 10. Bd3 Bg4 11. h3 Bh5 12. g4 Bg6 13. g5 Nfd7 14. gxh6 gxh6 15. Be3
Qf6 16. Kh2 Bh5 17. Be2 Nf8 18. a4 b4 19. Nb5 axb5 20. Bxb5+ Kd8 21. Nd2 Ng6 22.
Qxh5 Nd7 23. Qg4 Ra7 24. Nc4 h5 25. Qf5 Qe7 26. Nxd6 Qxd6 27. Qxf7 Rc7 28. Rg1
Ndf8 29. Qf5 Rhh7 30. Bg5+ Rce7 31. Bxe7+ Kxe7 32. a5 Rf7 33. Qg5+ Rf6 34. a6
Kf7 35. a7 Nh7 36. Qxh5 Kg7 37. a8=Q Rxf2+ 38. Rg2 Rxg2+ 39. Kxg2 Nf4+ 40. Kg3
Nxh5+ 41. Kh2 Qg6 42. Rg1 Ng5 43. Rg4 Qf6 44. h4 Qf2+ 45. Rg2 Qxh4+ 46. Kg1 Ng3
47. Qa7+ Kh6 48. Qxc5 Qh1+ 49. Kf2 N5xe4+ 50. Kf3 Nxc5 51. Kxg3 Qe1+ 52. Kh2 Qd1
53. Bc4 Nxb3 54. Rb2 Qh5+ 55. Kg1 Qg4+ 56. Rg2 Qxc4 0-1